Personalidades históricas y famosos - Z - Estadísticas

Estadísticas generales
  • Esta prueba ha sido intentada 90 veces
    88 desde el último reinicio
  • La puntuación promedio es 7 de 20
Estadísticas de respuestas
Descripción Respuesta % Correcto
Rey de los dioses del Olimpo. Zeus
96%
Dictador comunista chino, fundador de la República Popular China. Mao Zedong
80%
Fue uno de los fundadores de Facebook y actualmente es una de las personas más ricas del mundo. Mark Zuckerberg
78%
Uno de los mejores futbolistas de la historia. Fue centrocampista del Real Madrid y entrenador de este mismo club. Zinédine Zidane
78%
Actual presidente de Ucrania. Vlodímir Zelenski
76%
Antiguo profeta iraní que fundó una religión muy influyente en toda Persia. Zoroastro
45%
Este brasileño fue uno de los mejores futbolistas de la década de los ochenta. Zico
41%
Jefe tribal que se enfrentó con éxito al avance del Imperio británico en Sudáfrica. Shaka Zulu
34%
Escritor francés del siglo XIX y mayor representante del naturalismo. Émile Zola
33%
Fundador del estoicismo. Zenón de Citio
21%
General que dirigió la conquista musulmana de la península ibérica. Táriq ibn Ziyad
14%
Fue reina del Imperio de Palmira hasta ser derrotada por los romanos. Zenobia
14%
Este esloveno es uno de los filósofos más reconocidos de la actualidad. Slavoj Zizek
13%
Hija de Mahoma. Fátima az-Zahra
9%
Fue el presidente de Sudáfrica entre los años 2009 y 2018. Jacob Zuma
8%
Famosa actriz china que ha salido en películas como "El tigre y el dragón", "La casa de las dagas voladoras" y "Memorias de una geisha". Zhang Ziyi
8%
Poeta y músico musulmán que trabajó en la corte abasí de Bagdad y en la corte del emir de Córdoba. Estableció uno de los primeros conservatorios de música del mundo. Ziryab
7%
Principal divinidad de los getas. Zalmoxis
5%
Este erudito confuciano del siglo XII fue uno de los filósofos más influyentes de la China. Zhu Xi
4%
Después de Lao Tse, es considerado el filósofo taoísta más importante de la historia. Zhuangzi
3%
No se encontraron pruebas coincidentes
Distribución de puntuación
Porcentaje de gente con cada puntuación
Porcentaje por número respondido
Historial de tus puntuaciones
No has intentado esta prueba desde el último reinicio